000 01111nam a2200277 i 4500
005 20260517123215.0
008 260517s2025 my abo gr 000 0dmay d
020 _a9786297659121
_cRM70.00
_qhardback
040 _aPPAK
_beng
_cPPAK
_erda
082 0 4 _223
_a956.1015
090 0 0 _a956.1015
_bCET
_dG
100 1 _aÇetinsaya, Gökhan,
_eauthor.
245 1 0 _aEMPAYAR UTHMANIAH :
_bSEJARAH TURKI UTHMANIAH DARI KABILAH KE IMPERIUM /
_cKarya Asal GÖKHAN ÇETINSAYA ; Terjemahan oleh Hasnita Shaari ; Penyunting; Sidang Biblio
264 1 _aKuala Lumpur :
_bBRAVO GLOBAL VENTURE (M) SDN BHD,
_c2025
300 _a387 pages :
_billustrations, maps, photographs ;
_c24 cm
336 _2rdacontent
_atext
337 _2rdamedia
_aunmediated
338 _2rdacarrier
_avolume
500 _aIncludes bibliographical references.
650 1 0 _aIslam and state
_zTurkey
_xHistory.
650 2 0 _aIslam and politics
_zTurkey
_xHistory.
651 0 _aTurkey
_xHistory
_yOttoman Empire, 1288-1918.
700 0 _aHasnita Shaari,
_etranslator.
710 2 _aSidang Biblio,
_eeditor.
942 _2ddc
_cB
999 _c204306
_d204306